000 01247cam a2200229 4500
001 WB3935-06
008 030917n2003 000 0 eng u
035 _a(Sirsi) u123639
245 _aEnglish Nature calls for more homes
260 _c2003
490 _aEstates Gazette
_v(0337) 13 September 2003, 36(1)
490 _aEnglish Nature Press Release
_v 10 September 2003 (2)
520 _aEnglish Nature has said that low-density housing provides a better environment for wildlife than arable-intensive farmland. The organisation believes that both development and agricultural policy and practice need to be sustainable. English Nature holds that sustainable agricultural land management is better than housing development for the English countryside and that agricultural policy needs to change to counter 50 years of intensive farming practices. Building developments also need to consider land use and incorporate green space for people and wildlife. http://www.englishnature.org/news/story.asp?ID=516
590 _aWB
650 _aHOUSING DEVELOPMENTS
650 _aGREEN SPACES
650 _aWILDLIFE
650 _aFARMING PRACTICES
650 _aLAND MANAGEMENT
690 _aENVIRONMENTAL AND LAND CONSULTANCY
942 _n0
999 _c73420
_d73420